00473nam a22001337a 4500082001300000100002300013245008700036260004100123300001100164563000800175942001200183999001900195952012500214 a345bHAS aHassan, Rabia Omar aCritical Analysis on International Criminal Court (ICC) Hague /cRabia Omar Hassan aKarachi:bPakistan Law House,c2023. a116 p. aHB. 2ddccBK c613818d613818 00102ddc406345_000000000000000_HAS709639760aNLSbNLSd2025-05-29l0o345 HASpNLSD-126r2025-05-29w2025-05-29yBK